<?xml version="1.0" encoding="UTF-8"?>
<marc:record xmlns:marc="http://www.loc.gov/MARC21/slim">
   <marc:leader>00000nam a2200000 a 4500</marc:leader>
   <marc:datafield ind1=" " ind2=" " tag="653">
      <marc:subfield code="a">Kochbuch</marc:subfield>
   </marc:datafield>
   <marc:datafield ind1=" " ind2=" " tag="653">
      <marc:subfield code="a">Süßspeisen</marc:subfield>
   </marc:datafield>
   <marc:datafield ind1=" " ind2=" " tag="653">
      <marc:subfield code="a">Österreichische Küche</marc:subfield>
   </marc:datafield>
   <marc:datafield ind1=" " ind2=" " tag="653">
      <marc:subfield code="a">Gemüse</marc:subfield>
   </marc:datafield>
   <marc:datafield ind1=" " ind2=" " tag="653">
      <marc:subfield code="a">Vegetarische Küche</marc:subfield>
   </marc:datafield>
   <marc:datafield ind1="0" ind2="0" tag="245">
      <marc:subfield code="a">Österreichische Bäuerinnen backen Strudel</marc:subfield>
   </marc:datafield>
   <marc:datafield ind1="0" ind2="0" tag="245">
      <marc:subfield code="b">die besten Rezepte aus allen neun Bundesländern</marc:subfield>
   </marc:datafield>
   <marc:datafield ind1=" " ind2="1" tag="264">
      <marc:subfield code="a">Wien</marc:subfield>
      <marc:subfield code="b">Donauland Kremayr&amp;Scheriau</marc:subfield>
      <marc:subfield code="c">2009</marc:subfield>
   </marc:datafield>
   <marc:datafield ind1=" " ind2=" " tag="250">
      <marc:subfield code="a">Ungek. Lizenzausg.</marc:subfield>
   </marc:datafield>
   <marc:datafield ind1="1" ind2=" " tag="520">
      <marc:subfield code="a">Neun Bäuerinnen aus allen österreichischen Bundesländern verraten in diesem Kochbuch ihre besten Strudelrezepte. Sie wissen die besten Tricks, damit der selbstgemachte Strudelteig garantiert gelingt und wie mit raffinierten Füllungen auch ein vorgefertigter Teig einmalig gut schmeckt! Neben altbekannten und traditionellen Gerichten wie Krautstrudel und süßem Apfel- oder Topfenstrudel finden sich auch moderne Kreationen wie Pizzastrudel, Erdäpfel-Steinpilz- oder Trauben-Ricotta-Strudel. Darüber hinaus halten die Köchinnen viele praktische Ratschläge und Tipps aus der bäuerlichen Küche bereit. Anschauliche Anleitungen ermöglichen ein schnelles und unkompliziertes Nachkochen. Und mit Zutaten aus heimischem Anbau und Obst und Gemüse der Saison werden die Strudel zum ultimativen Genuss!</marc:subfield>
   </marc:datafield>
   <marc:datafield ind1=" " ind2=" " tag="300">
      <marc:subfield code="a">192 S. : zahlr. Ill.</marc:subfield>
   </marc:datafield>
</marc:record>
